The cities of the eastern Roman provinces /

محفوظ في:

المؤلف الرئيسي: Jones, Arnold Hugh Martin, 1904-1970 (مؤلف)

التنسيق: كتاب

اللغة: English

منشور في: Oxford : The Clarendon press, 1937.

الموضوعات:

الوسوم: إضافة وسم

لا توجد وسوم, كن أول من يضع وسما على هذه التسجيلة!

رقم الطلب: DF85 .J8 1937

LEADER 00871namaa2200289 4500
001 22159
003 OSt
005 20251223123807.0
008 130303s1937 enkab b 000 0 eng d
010 |a 38013635 
040 |c ARCE Library 
043 |a e-gr---  |a e-it--- 
050 4 |a DF85 .J8 1937 
100 1 |a Jones, Arnold Hugh Martin,   |d 1904-1970,  |e author 
245 1 4 |a The cities of the eastern Roman provinces /  |c A. H. M. Jones. 
264 1 |a Oxford :   |b The Clarendon press,   |c 1937. 
300 |a xv, 576 pages :  |b vi fold maps, tables ;  |c 26 cm. 
504 |a Bibliography: p. [541]-552. 
555 |a Sara.lib 
650 0 |a Cities and towns, Ancient. 
650 0 |a Hellenism. 
650 0 |a Roman provinces  |x Administration. 
651 0 |a Rome   |x Provinces   |x Administration. 
651 0 |a Greece  |x Colonies. 
901 |a reviewed 
942 |c BK  |2 lcc 
999 |c 20761  |d 20761